000 00189nam a2200073Ia 4500
008 170817s9999 xx 000 0 und d
100 _aARYA S.C.
245 0 _aDEVELOPMENT OF SCIENCETIFIC CON.
260 _bNATIONAL PUB. AGRA
999 _c36275
_d36275